Šest tudorovských královen. Kateřina Parrová : šestá manželka /
Závěrečná část série o tudorovských královnách přibližuje životní příběh Kateřiny Parrové, šesté manželky anglického panovníka Jindřicha VIII.
Uloženo v:
| Série: | Šest tudorovských královen,
část 6 |
|---|---|
| Hlavní autor: | |
| Další autoři: | |
| Médium: | E-kniha |
| Jazyk: | Czech |
| Vydáno: |
Praha :
BB/art,
2022
|
| Vydání: | První vydání v českém jazyce |
| Témata: | |
| Příbuzné jednotky: | Přeloženo z:
Six Tudor queens Z cyklu:: Šest tudorovských královen |
| Tagy: |
Žádné tagy |
| LEADER | 03830nam a2200637 i 4500 | ||
|---|---|---|---|
| 001 | 311601 | ||
| 003 | CZ PrSKC | ||
| 005 | 20260601215708.0 | ||
| 007 | ta | ||
| 008 | 220726s2022 xr j g 000 fdcze | ||
| 015 | |a cnb003438917 | ||
| 020 | |a 9788075955791 |q (vázáno) | ||
| 035 | |a (OCoLC)1350559615 | ||
| 040 | |a ABG001 |b cze |e rda | ||
| 041 | 1 | |a cze |h eng | |
| 043 | |a e-uk-en | ||
| 045 | |a t1t4 | ||
| 072 | 7 | |a 821.111-3 |x Anglická próza, anglicky psaná |2 Konspekt | |
| 080 | |a 821.111-31 |2 MRF | ||
| 080 | |a 929.731-058.833 |2 MRF | ||
| 080 | |a 94(410.1) |2 MRF | ||
| 080 | |a (410.1) |2 MRF | ||
| 080 | |a (0:82-311.6) |2 MRF | ||
| 100 | 1 | |a Weir, Alison, |d 1951- |7 xx0108241 |4 aut | |
| 240 | 1 | 0 | |a Katharine Parr. |l Česky |
| 245 | 1 | 0 | |a Šest tudorovských královen. |p Kateřina Parrová : šestá manželka / |c Alison Weirová ; přeložila Eva Křístková |
| 246 | 3 | 0 | |a Kateřina Parrová |
| 250 | |a První vydání v českém jazyce | ||
| 264 | 1 | |a Praha : |b BB/art, |c 2022 | |
| 300 | |a 471 stran : |b genealogické tabulky ; |c 22 cm | ||
| 336 | |a text |b txt |2 rdacontent | ||
| 337 | |a bez média |b n |2 rdamedia | ||
| 338 | |a svazek |b nc |2 rdacarrier | ||
| 500 | |a Přeloženo z angličtiny | ||
| 500 | |a Chronologický přehled | ||
| 520 | 2 | |a Závěrečná část série o tudorovských královnách přibližuje životní příběh Kateřiny Parrové, šesté manželky anglického panovníka Jindřicha VIII. |b Roku 1542 nechal král Jindřich VIII. popravit svou pátou manželku Kateřinu Howardovou. Nato upřel svůj zrak na dámu o poznání zralejší - dvakrát ovdovělou, vzdělanou a příjemnou Kateřinu Parrovou. Třicetiletá, bezdětná Kateřina se svazku s Jindřichem děsí - vždyť nechal popravit dvě ze svých manželek a další dvě zapudil. Navíc je starý a tlustý. A ona miluje Toma, králova švagra, který je mladý a krásný a chce si ji vzít. Krále však nelze odmítnout, a tak se Kateřina stává proti své vůli královnou, odhodlána být Jindřichovi dobrou manželkou, milující matkou jeho dětem a laskavou paní všem poddaným. Je tu ovšem ještě něco, co ji přimělo říci králi ano: touha hájit reformovanou víru před intrikami katolické dvorské kliky. To se jí málem stane osudným, avšak díky své inteligenci a schopnostem se jí podaří nebezpečnou situaci ustát a krále ve zdraví přežít. Nakladatelská anotace. Kráceno. | |
| 600 | 0 | 7 | |a Kateřina Parrová, |c královna, choť Jindřicha VIII., anglického krále, |d 1512-1548 |7 jn20000700867 |2 czenas |
| 600 | 0 | 9 | |a Catherine Parr, |c Queen, consort of Henry VIII, King of England, |d 1512-1548 |2 eczenas |
| 648 | 7 | |a 16. století |7 ch460554 |2 czenas | |
| 648 | 4 | |a 1512-1548 | |
| 650 | 0 | 7 | |a manželky panovníků |7 ph122617 |z Anglie |y 16. století |2 czenas |
| 650 | 0 | 9 | |a rulers' spouses |z England |y 16th century |2 eczenas |
| 651 | 7 | |a Anglie |7 ge134022 |x dějiny |y 16. století |2 czenas | |
| 651 | 9 | |a England |x history |y 16th century |2 eczenas | |
| 655 | 7 | |a anglické romány |7 fd131814 |2 czenas | |
| 655 | 7 | |a historické romány |7 fd132414 |2 czenas | |
| 655 | 9 | |a English fiction |2 eczenas | |
| 655 | 9 | |a historical novels |2 eczenas | |
| 700 | 1 | |a Křístková, Eva |7 jn20020722052 |4 trl | |
| 765 | 0 | |t Six Tudor queens | |
| 787 | 0 | 8 | |i Z cyklu: |t Šest tudorovských královen |g 6 |
| 900 | |a ABA001 |b 21 | ||
| 044 | |a xr | ||
| 910 | |a RBIT002 | ||
| 998 | |d 356651 |a https://core.palmknihy.cz/api/books/356651/cover?rey4o3 |b https://core.palmknihy.cz/api/books/356651/cover/400?rey4o3 |c https://core.palmknihy.cz/api/books/356651/cover/50?rey4o3 |e 2027-05-13 |g 472 |i 9788075955791 |j https://core.palmknihy.cz/api/books/356651/preview.epub |k https://core.palmknihy.cz/api/books/356651/preview.pdf |l |q 49 |r 1 |s https://www.palmknihy.cz/kniha/356651 |t ebook |y 2022 |z 0 |v Šest tudorovských královen |w 6 | ||
| 999 | |d 311599 | ||